[Event "Chioggia op-B 13th"]
[Site "Chioggia"]
[Date "2018.09.28"]
[Round "1"]
[White "Magnabosco, Mauro Denis"]
[Black "Rossi, Sofia"]
[Result "0-1"]
[WhiteElo "1736"]
[BlackElo "1414"]
[PlyCount "106"]
[EventDate "2018.09.28"]
[EventType "swiss"]
[EventRounds "5"]
[EventCountry "ITA"]
[SourceTitle "EXT 2022"]
[Source "ChessBase"]
[SourceDate "2021.10.06"]
[SourceVersion "1"]
[SourceVersionDate "2021.10.06"]
[SourceQuality "1"]

1. c4 e5 2. g3 Nf6 3. Bg2 Nc6 4. Nc3 Bb4 5. Nd5 Nxd5 6. cxd5 Ne7 7. Nf3 Ng6 8. 0-0 0-0 9. d3 h6 10. a3 Bc5 11. b4 Bb6 12. Bb2 d6 13. Nd2 a6 14. Rc1 f5 15. Nc4 Ba7 16. Qc2 b5 17. Na5 Bb6 18. Nc6 Qe8 19. Bc3 Ne7 20. Na5 f4 21. Bd2 fxg3 22. hxg3 Bg4 23. Be3 Qh5 24. Rce1 Bxe3 25. fxe3 Rxf1+ 26. Rxf1 Nf5 27. Qd2 Nxg3 28. Rf2 Nxe2+ 29. Kf1 Ng3+ 30. Kg1 Nf5 31. Nc6 Qg5 32. e4 Qxd2 33. Rxd2 Ne3 34. Kf2 Nxg2 35. Kxg2 Rf8 36. Rc2 Kh7 37. Ne7 Rf7 38. Nc6 h5 39. Nb8 Bc8 40. Nc6 g5 41. Nd8 Rf8 42. Rxc7+ Kg6 43. Rxc8 Kf6 44. Rb8 g4 45. Nc6 Rxb8 46. Nxb8 Kg5 47. Nc6 Kf4 48. Kf2 h4 49. Kg2 h3+ 50. Kh2 g3+ 51. Kxh3 Kf3 52. Nxe5+ dxe5 53. d6 g2 0-1

[Event "Basso Veronese  op-B 3rd"]
[Site "Verona"]
[Date "2010.05.30"]
[Round "2"]
[White "Zanchetta, Nicola"]
[Black "Magnabosco, Mauro Denis"]
[Result "1-0"]
[WhiteElo "1837"]
[BlackElo "1440"]
[PlyCount "111"]
[EventDate "2010.05.29"]
[EventType "swiss"]
[EventRounds "6"]
[EventCountry "ITA"]
[SourceTitle "EXT 2011"]
[Source "ChessBase"]
[SourceDate "2010.11.26"]
[SourceVersion "1"]
[SourceVersionDate "2010.11.26"]
[SourceQuality "1"]

1. e4 e5 2. Nf3 Nc6 3. Bb5 Bc5 4. 0-0 Nd4 5. Nxd4 Bxd4 6. c3 Bb6 7. d4 c6 8. Bc4 d6 9. Qh5 Qe7 10. Bg5 Nf6 11. Bxf6 Qxf6 12. dxe5 dxe5 13. Nd2 0-0 14. Nf3 Bc7 15. Rad1 h6 16. Rd3 Kh7 17. Nd2 Be6 18. Rf3 Qe7 19. Bxe6 Qxe6 20. Rh3 f5 21. Nf3 Bd8 22. exf5 Rxf5 23. Qg4 Qf6 24. Qe4 Kh8 25. Rd1 Bb6 26. Rd2 Rd8 27. Rxd8+ Bxd8 28. Qe2 Bb6 29. c4 Rf4 30. Qc2 Bc5 31. Rh5 b6 32. Rxe5 Qf7 33. Re4 Rxe4 34. Qxe4 Qf6 35. Qe2 a5 36. g3 Qg6 37. b3 Qf6 38. Kg2 g6 39. Qe8+ Kg7 40. Qe5 Kf7 41. Qxf6+ Kxf6 42. Kf1 Be7 43. Ke2 Bc5 44. Ne1 Bd4 45. Nd3 c5 46. f4 Kf5 47. Kf3 h5 48. h3 Bc3 49. g4+ hxg4+ 50. hxg4+ Kf6 51. Ke4 Ke6 52. g5 Bd4 53. Ne1 Bc3 54. Nf3 Bg7 55. Ne5 Bh8 56. Nxg6 1-0